Name That Country - Hangman - Statistics

General Stats
  • This quiz has been taken 638 times
  • The average score is 8 of 15
Answer Stats
Hangman Country % Correct
B _ _ _ V _ A Bolivia
86%
_ H I _ _ China
76%
_ H _ D Chad
72%
_ _ _ T I Haiti
69%
L _ S _ T H _ Lesotho
69%
A _ S T _ _ _ _ _ Australia
64%
T _ _ _ _ N Taiwan
56%
_ P _ _ N Spain
54%
_ _ W _ I T Kuwait
53%
T _ N _ A Tonga
47%
S_ _ _ A P _ _ _ Singapore
45%
_ _ _ _ _ N Y Germany
42%
_ _ W Z _ _ _ _ _ _ New Zealand
40%
_ H _ L I _ _ _ _ E _ Philippines
27%
_ O M _ _ _ _ A Dominica
23%
No matching quizzes found
Score Distribution
Percent of People with Each Score
Percentile by Number Answered
Your Score History
You have not taken this quiz